| 000 | 00815nam a2200253Ii 4500 | ||
|---|---|---|---|
| 999 |
_c6946 _d6946 |
||
| 001 | 4335970 | ||
| 003 | OSt | ||
| 005 | 20190121191646.0 | ||
| 008 | 781101s1977 miu 001 0 eng d | ||
| 020 |
_a0801041716 _c$3.95 |
||
| 040 |
_aMAL _cMAL |
||
| 082 |
_aREF 220.6 _bH421A |
||
| 090 |
_aBS480 _b.H3 1977 |
||
| 092 |
_a220.1 _bH13 |
||
| 100 | 1 | _aHaley, John Wesley. | |
| 245 | 1 | 3 |
_aAn examination of the alleged discrepancies of the Bible / _cby John W. Haley ; with an introduction by Alvah Hovey. |
| 260 |
_aGrand Rapids, Mich. : _bBaker Book House, _c1977. |
||
| 300 |
_a473 p. ; _c18 cm. |
||
| 490 | 0 | _aDirection books. | |
| 504 | _aIncludes bibliographical references and indexes. | ||
| 630 | 0 | 0 |
_aBible _xEvidences, authority, etc. |
| 630 | 0 | 0 |
_aBible _xCriticism, interpretation, etc. |
| 942 |
_2ddc _cREF |
||